| 000 | 01127cam a22003131a 4500 | ||
|---|---|---|---|
| 001 | gs 59000231 | ||
| 003 | DLC | ||
| 005 | 20260227111408.0 | ||
| 008 | 780722s1956 dcuab b f000 0 eng | ||
| 010 | _ags 59000231 | ||
| 035 | _a(OCoLC)4075187 | ||
| 040 |
_aDLC _cOClU _dDNAL _dDLC |
||
| 050 | 0 | 0 |
_aQE75 _b.B9 no. 1092 |
| 051 |
_aQE691 _b.C3 |
||
| 070 | 0 |
_a407 _bG29B no.1092 |
|
| 072 | 0 | _aX400 | |
| 100 | 1 |
_aCarr, Wilfred James, _d1926- |
|
| 245 | 1 | 0 |
_aStratigraphy of middle Tertiary rocks in part of west-central Florida / _cby Wilfred J. Carr and Douglas C. Alverson. |
| 260 |
_aWashington, [D.C.] : _bU.S. G.P.O., _c1956. |
||
| 300 |
_aiv, 112 p. : _bill., maps ; _c24 cm. |
||
| 440 | 0 |
_aGeological Survey bulletin ; _v1092 |
|
| 500 | _aThis report concerns work done on behalf of the U.S. Atomic Energy Commission and is published with the permission of the Commission. | ||
| 500 | _aThree folded maps in pocket. | ||
| 504 | _aBibliography: p. 69-71. | ||
| 650 | 0 |
_aGeology _zFlorida. |
|
| 650 | 0 |
_aGeology, Stratigraphic _yTertiary. |
|
| 650 | 0 |
_aBorings _zFlorida. |
|
| 700 | 1 |
_aAlverson, Douglas C., _d1931- |
|
| 999 |
_c29372 _d29372 |
||